| 000 | 00581nam a22001697a 4500 | ||
|---|---|---|---|
| 003 | NUST | ||
| 038 | _aNusrat Nadeem | ||
| 082 | _a200 | ||
| 100 |
_aEjaz Tahir _934886 |
||
| 245 |
_aOPTIMIZATION OF SPLIT-RING AND SPLIT-BALL RESONATORS FOR EFFECTIVE PERMITTIVITY AND VOLUME FRACTION EXTRACTION/ _cTahir Ejaz |
||
| 264 |
_aRawalpindi; _bEME NUST; _c2017. |
||
| 300 |
_a138,p; _bill; _c30,cm. |
||
| 650 |
_aPhD- Electrical Engineering _984162 |
||
| 700 |
_aSupervisor Dr. Hamood Ur Rahman _970300 |
||
| 856 | _uhttp://10.250.8.41:8080/xmlui/handle/123456789/27043 | ||
| 942 |
_2ddc _cSC |
||
| 999 |
_c610443 _d610443 |
||